All Tottenham Hotspur Premier League Players Ever - Statistics

General Stats
  • This quiz has been taken 123 times
  • The average score is 383 of 848
Answer Stats
% Correct
2012/13 England Harry Kane 1
99%
2013/14 England Harry Kane 10
99%
2014/15 England Harry Kane 34
99%
2015/16 England Harry Kane 38
99%
2016/17 England Harry Kane 30
99%
2017/18 England Harry Kane 37
99%
2018/19 England Harry Kane 28
99%
2019/20 England Harry Kane 29
99%
2020/21 England Harry Kane 35
99%
2021/22 England Harry Kane 37
99%
2022/23 England Harry Kane 38
99%
2015/16 South Korea Son Heung-Min 28
95%
2016/17 South Korea Son Heung-Min 34
95%
2017/18 South Korea Son Heung-Min 37
95%
2018/19 South Korea Son Heung-Min 31
95%
2019/20 South Korea Son Heung-Min 30
95%
2020/21 South Korea Son Heung-Min 37
95%
2021/22 South Korea Son Heung-Min 35
95%
2022/23 South Korea Son Heung-Min 36
95%
2012/13 France Hugo Lloris 27
92%
2013/14 France Hugo Lloris 37
92%
2014/15 France Hugo Lloris 35
92%
2015/16 France Hugo Lloris 37
92%
2016/17 France Hugo Lloris 34
92%
2017/18 France Hugo Lloris 36
92%
2018/19 France Hugo Lloris 33
92%
2019/20 France Hugo Lloris 21
92%
2020/21 France Hugo Lloris 38
92%
2021/22 France Hugo Lloris 38
92%
2022/23 France Hugo Lloris 25
92%
2007/08 Wales Gareth Bale 8
90%
2008/09 Wales Gareth Bale 16
90%
2009/10 Wales Gareth Bale 23
90%
2010/11 Wales Gareth Bale 30
90%
2011/12 Wales Gareth Bale 36
90%
2012/13 Wales Gareth Bale 33
90%
2020/21 Wales Gareth Bale 20
90%
2013/14 Denmark Christian Eriksen 25
89%
2014/15 Denmark Christian Eriksen 38
89%
2015/16 Denmark Christian Eriksen 35
89%
2016/17 Denmark Christian Eriksen 36
89%
2017/18 Denmark Christian Eriksen 37
89%
2018/19 Denmark Christian Eriksen 35
89%
2019/20 Denmark Christian Eriksen 20
89%
2008/09 Croatia Luka Modric 34
87%
2009/10 Croatia Luka Modric 25
87%
2010/11 Croatia Luka Modric 32
87%
2011/12 Croatia Luka Modric 36
87%
2014/15 Wales Ben Davies 14
86%
2015/16 Wales Ben Davies 17
86%
2016/17 Wales Ben Davies 23
86%
2017/18 Wales Ben Davies 29
86%
2018/19 Wales Ben Davies 27
86%
2019/20 Wales Ben Davies 18
86%
2020/21 Wales Ben Davies 20
86%
2021/22 Wales Ben Davies 29
86%
2022/23 Wales Ben Davies 31
86%
2007/08 England Darren Bent 27
86%
2008/09 England Darren Bent 33
86%
2014/15 England Eric Dier 28
86%
2015/16 England Eric Dier 37
86%
2016/17 England Eric Dier 36
86%
2017/18 England Eric Dier 34
86%
2018/19 England Eric Dier 20
86%
2019/20 England Eric Dier 19
86%
2020/21 England Eric Dier 28
86%
2021/22 England Eric Dier 35
86%
2022/23 England Eric Dier 33
86%
1999/00 Wales Simon Davies 3
86%
2000/01 Wales Simon Davies 13
86%
2001/02 Wales Simon Davies 31
86%
2002/03 Wales Simon Davies 36
86%
2003/04 Wales Simon Davies 17
86%
2004/05 Wales Simon Davies 21
86%
2012/13 Belgium Jan Vertonghen 34
84%
2013/14 Belgium Jan Vertonghen 23
84%
2014/15 Belgium Jan Vertonghen 32
84%
2015/16 Belgium Jan Vertonghen 29
84%
2016/17 Belgium Jan Vertonghen 33
84%
2017/18 Belgium Jan Vertonghen 36
84%
2018/19 Belgium Jan Vertonghen 22
84%
2019/20 Belgium Jan Vertonghen 23
84%
2003/04 England Jermain Defoe 15
84%
2004/05 England Jermain Defoe 35
84%
2005/06 England Jermain Defoe 36
84%
2006/07 England Jermain Defoe 34
84%
2007/08 England Jermain Defoe 19
84%
2008/09 England Jermain Defoe 8
84%
2009/10 England Jermain Defoe 34
84%
2010/11 England Jermain Defoe 22
84%
2011/12 England Jermain Defoe 25
84%
2012/13 England Jermain Defoe 34
84%
2013/14 England Jermain Defoe 14
84%
2015/16 Belgium Toby Alderweireld 38
82%
2016/17 Belgium Toby Alderweireld 30
82%
2017/18 Belgium Toby Alderweireld 14
82%
2018/19 Belgium Toby Alderweireld 34
82%
2019/20 Belgium Toby Alderweireld 33
82%
2020/21 Belgium Toby Alderweireld 25
82%
1992/93 England Ian Walker 17
80%
1993/94 England Ian Walker 11
80%
1994/95 England Ian Walker 41
80%
1995/96 England Ian Walker 38
80%
1996/97 England Ian Walker 37
80%
1997/98 England Ian Walker 29
80%
1998/99 England Ian Walker 25
80%
1999/00 England Ian Walker 38
80%
2000/01 England Ian Walker 4
80%
2009/10 England Kyle Walker 2
80%
2010/11 England Kyle Walker 1
80%
2011/12 England Kyle Walker 37
80%
2012/13 England Kyle Walker 36
80%
2013/14 England Kyle Walker 26
80%
2014/15 England Kyle Walker 15
80%
2015/16 England Kyle Walker 33
80%
2016/17 England Kyle Walker 33
80%
2017/18 Colombia Davinson Sanchez 31
79%
2018/19 Colombia Davinson Sanchez 23
79%
2019/20 Colombia Davinson Sanchez 29
79%
2020/21 Colombia Davinson Sanchez 18
79%
2021/22 Colombia Davinson Sanchez 23
79%
2022/23 Colombia Davinson Sanchez 18
79%
2020/21 Denmark Pierre-Emile Hojbjerg 38
79%
2021/22 Denmark Pierre-Emile Hojbjerg 36
79%
2022/23 Denmark Pierre-Emile Hojbjerg 35
79%
2017/18 Brazil Lucas Moura 6
78%
2018/19 Brazil Lucas Moura 32
78%
2019/20 Brazil Lucas Moura 35
78%
2020/21 Brazil Lucas Moura 30
78%
2021/22 Brazil Lucas Moura 34
78%
2022/23 Brazil Lucas Moura 15
78%
2022/23 Brazil Richarlison 27
78%
2011/12 Togo Emmanuel Adebayor 33
77%
2012/13 Togo Emmanuel Adebayor 25
77%
2013/14 Togo Emmanuel Adebayor 21
77%
2014/15 Togo Emmanuel Adebayor 13
77%
2012/13 Belgium Mousa Dembele 30
76%
2013/14 Belgium Mousa Dembele 28
76%
2014/15 Belgium Mousa Dembele 26
76%
2015/16 Belgium Mousa Dembele 29
76%
2016/17 Belgium Mousa Dembele 30
76%
2017/18 Belgium Mousa Dembele 28
76%
2018/19 Belgium Mousa Dembele 10
76%
2009/10 England Peter Crouch 38
76%
2010/11 England Peter Crouch 34
76%
2011/12 England Peter Crouch 1
76%
2015/16 England Dele Alli 33
75%
2016/17 England Dele Alli 37
75%
2017/18 England Dele Alli 36
75%
2018/19 England Dele Alli 25
75%
2019/20 England Dele Alli 25
75%
2020/21 England Dele Alli 15
75%
2021/22 England Dele Alli 10
75%
2009/10 England Danny Rose 1
74%
2010/11 England Danny Rose 4
74%
2011/12 England Danny Rose 11
74%
2013/14 England Danny Rose 22
74%
2014/15 England Danny Rose 28
74%
2015/16 England Danny Rose 24
74%
2016/17 England Danny Rose 18
74%
2017/18 England Danny Rose 10
74%
2018/19 England Danny Rose 26
74%
2019/20 England Danny Rose 12
74%
2006/07 Bulgaria Dimitar Berbatov 33
74%
2007/08 Bulgaria Dimitar Berbatov 36
74%
2008/09 Bulgaria Dimitar Berbatov 1
74%
2021/22 Argentina Cristian Romero 22
73%
2022/23 Argentina Cristian Romero 27
73%
2022/23 Croatia Ivan Perisic 34
73%
2021/22 Sweden Dejan Kulusevski 18
72%
2022/23 Sweden Dejan Kulusevski 30
72%
2013/14 Argentina Erik Lamela 9
70%
2014/15 Argentina Erik Lamela 33
70%
2015/16 Argentina Erik Lamela 34
70%
2016/17 Argentina Erik Lamela 9
70%
2017/18 Argentina Erik Lamela 25
70%
2018/19 Argentina Erik Lamela 19
70%
2019/20 Argentina Erik Lamela 25
70%
2020/21 Argentina Erik Lamela 23
70%
2016/17 England Harry Winks 21
70%
2017/18 England Harry Winks 16
70%
2018/19 England Harry Winks 26
70%
2019/20 England Harry Winks 31
70%
2020/21 England Harry Winks 15
70%
2021/22 England Harry Winks 19
70%
2002/03 Ireland Robbie Keane 29
70%
2003/04 Ireland Robbie Keane 34
70%
2004/05 Ireland Robbie Keane 35
70%
2005/06 Ireland Robbie Keane 36
70%
2006/07 Ireland Robbie Keane 27
70%
2007/08 Ireland Robbie Keane 36
70%
2008/09 Ireland Robbie Keane 14
70%
2009/10 Ireland Robbie Keane 20
70%
2010/11 Ireland Robbie Keane 7
70%
2021/22 Uruguay Rodrigo Bentancur 17
70%
2022/23 Uruguay Rodrigo Bentancur 18
70%
2016/17 Kenya Victor Wanyama 36
66%
2017/18 Kenya Victor Wanyama 18
66%
2018/19 Kenya Victor Wanyama 13
66%
2019/20 Kenya Victor Wanyama 2
66%
2017/18 Cote D'Ivoire Serge Aurier 17
64%
2018/19 Cote D'Ivoire Serge Aurier 8
64%
2019/20 Cote D'Ivoire Serge Aurier 33
64%
2020/21 Cote D'Ivoire Serge Aurier 19
64%
2021/22 Brazil Emerson Royal 31
63%
2022/23 Brazil Emerson Royal 26
63%
2018/19 England Oliver Skipp 8
63%
2019/20 England Oliver Skipp 7
63%
2021/22 England Oliver Skipp 18
63%
2022/23 England Oliver Skipp 23
63%
2010/11 Netherlands Rafael van der Vaart 28
63%
2011/12 Netherlands Rafael van der Vaart 33
63%
2012/13 Netherlands Rafael van der Vaart 2
63%
2012/13 United States Clint Dempsey 29
62%
2008/09 England Fraizer Campbell 10
62%
1998/99 England Ledley King 1
62%
1999/00 England Ledley King 3
62%
2000/01 England Ledley King 18
62%
2001/02 England Ledley King 32
62%
2002/03 England Ledley King 25
62%
2003/04 England Ledley King 29
62%
2004/05 England Ledley King 38
62%
2005/06 England Ledley King 26
62%
2006/07 England Ledley King 21
62%
2007/08 England Ledley King 4
62%
2008/09 England Ledley King 24
62%
2009/10 England Ledley King 20
62%
2010/11 England Ledley King 6
62%
2011/12 England Ledley King 21
62%
2016/17 France Moussa Sissoko 25
62%
2017/18 France Moussa Sissoko 33
62%
2018/19 France Moussa Sissoko 29
62%
2019/20 France Moussa Sissoko 29
62%
2020/21 France Moussa Sissoko 25
62%
1992/93 England Sol Campbell 1
62%
1993/94 England Sol Campbell 34
62%
1994/95 England Sol Campbell 30
62%
1995/96 England Sol Campbell 31
62%
1996/97 England Sol Campbell 38
62%
1997/98 England Sol Campbell 34
62%
1998/99 England Sol Campbell 37
62%
1999/00 England Sol Campbell 29
62%
2000/01 England Sol Campbell 21
62%
1993/94 Ireland Stephen Carr 1
61%
1996/97 Ireland Stephen Carr 26
61%
1997/98 Ireland Stephen Carr 38
61%
1998/99 Ireland Stephen Carr 37
61%
1999/00 Ireland Stephen Carr 34
61%
2000/01 Ireland Stephen Carr 28
61%
2002/03 Ireland Stephen Carr 30
61%
2003/04 Ireland Stephen Carr 32
61%
2011/12 United States Brad Friedel 38
59%
2012/13 United States Brad Friedel 11
59%
2013/14 United States Brad Friedel 1
59%
1999/00 Ireland Gary Doherty 2
59%
2000/01 Ireland Gary Doherty 22
59%
2001/02 Ireland Gary Doherty 7
59%
2002/03 Ireland Gary Doherty 15
59%
2003/04 Ireland Gary Doherty 17
59%
2004/05 Ireland Gary Doherty 1
59%
2008/09 Brazil Heurelho Gomes 34
59%
2009/10 Brazil Heurelho Gomes 31
59%
2010/11 Brazil Heurelho Gomes 30
59%
1994/95 Germany Jurgen Klinsmann 41
59%
1997/98 Germany Jurgen Klinsmann 15
59%
2020/21 Ireland Matt Doherty 17
59%
2021/22 Ireland Matt Doherty 15
59%
2022/23 Ireland Matt Doherty 12
59%
2020/21 Spain Sergio Reguilon 27
59%
2021/22 Spain Sergio Reguilon 25
59%
2015/16 England Kieran Trippier 6
58%
2016/17 England Kieran Trippier 12
58%
2017/18 England Kieran Trippier 24
58%
2018/19 England Kieran Trippier 27
58%
2004/05 England Paul Robinson 36
58%
2005/06 England Paul Robinson 38
58%
2006/07 England Paul Robinson 38
58%
2007/08 England Paul Robinson 25
58%
2019/20 Netherlands Steven Bergwijn 14
58%
2020/21 Netherlands Steven Bergwijn 21
58%
2021/22 Netherlands Steven Bergwijn 25
58%
1993/94 Northern Ireland Steve Robinson 2
58%
2019/20 France Tanguy Ndombele 21
58%
2020/21 France Tanguy Ndombele 33
58%
2021/22 France Tanguy Ndombele 9
58%
2022/23 Mali Yves Bissouma 23
58%
2005/06 England Aaron Lennon 27
57%
2006/07 England Aaron Lennon 26
57%
2007/08 England Aaron Lennon 29
57%
2008/09 England Aaron Lennon 35
57%
2009/10 England Aaron Lennon 22
57%
2010/11 England Aaron Lennon 34
57%
2011/12 England Aaron Lennon 23
57%
2012/13 England Aaron Lennon 34
57%
2013/14 England Aaron Lennon 27
57%
2014/15 England Aaron Lennon 9
57%
2006/07 Cameroon Benoit Assou-Ekotto 16
57%
2007/08 Cameroon Benoit Assou-Ekotto 1
57%
2008/09 Cameroon Benoit Assou-Ekotto 29
57%
2009/10 Cameroon Benoit Assou-Ekotto 30
57%
2010/11 Cameroon Benoit Assou-Ekotto 30
57%
2011/12 Cameroon Benoit Assou-Ekotto 34
57%
2012/13 Cameroon Benoit Assou-Ekotto 15
57%
2005/06 England Jermaine Jenas 30
57%
2006/07 England Jermaine Jenas 25
57%
2007/08 England Jermaine Jenas 29
57%
2008/09 England Jermaine Jenas 32
57%
2009/10 England Jermaine Jenas 19
57%
2010/11 England Jermaine Jenas 19
57%
2012/13 England Jermaine Jenas 1
57%
2022/23 Senegal Pape Sarr 11
57%
1992/93 England Teddy Sheringham 38
57%
1993/94 England Teddy Sheringham 19
57%
1994/95 England Teddy Sheringham 42
57%
1995/96 England Teddy Sheringham 38
57%
1996/97 England Teddy Sheringham 29
57%
2001/02 England Teddy Sheringham 34
57%
2002/03 England Teddy Sheringham 36
57%
2013/14 Belgium Nacer Chadli 24
54%
2014/15 Belgium Nacer Chadli 35
54%
2015/16 Belgium Nacer Chadli 29
54%
2013/14 Spain Roberto Soldado 28
54%
2014/15 Spain Roberto Soldado 24
54%
2008/09 Croatia Vedran Corluka 34
53%
2009/10 Croatia Vedran Corluka 29
53%
2010/11 Croatia Vedran Corluka 15
53%
2011/12 Croatia Vedran Corluka 3
53%
1997/98 England Les Ferdinand 21
52%
1998/99 England Les Ferdinand 24
52%
1999/00 England Les Ferdinand 9
52%
2000/01 England Les Ferdinand 28
52%
2001/02 England Les Ferdinand 25
52%
2002/03 England Les Ferdinand 11
52%
2012/13 Iceland Gylfi Sigurdsson 33
51%
2013/14 Iceland Gylfi Sigurdsson 25
51%
2011/12 England Scott Parker 29
51%
2012/13 England Scott Parker 21
51%
2004/05 Ireland Andy Reid 13
50%
2005/06 Ireland Andy Reid 13
50%
2019/20 Argentina Giovani Lo Celso 28
50%
2020/21 Argentina Giovani Lo Celso 18
50%
2021/22 Argentina Giovani Lo Celso 9
50%
2005/06 South Korea Lee Young-Pyo 31
50%
2006/07 South Korea Lee Young-Pyo 21
50%
2007/08 South Korea Lee Young-Pyo 18
50%
2004/05 England Michael Carrick 29
50%
2005/06 England Michael Carrick 35
50%
2022/23 Spain Pedro Porro 15
50%
2021/22 Spain Bryan Gil 9
49%
2022/23 Spain Bryan Gil 4
49%
2008/09 England David Bentley 25
48%
2009/10 England David Bentley 15
48%
2010/11 England David Bentley 2
48%
2017/18 Spain Fernando Llorente 16
48%
2018/19 Spain Fernando Llorente 20
48%
2004/05 England Michael Dawson 5
48%
2005/06 England Michael Dawson 32
48%
2006/07 England Michael Dawson 37
48%
2007/08 England Michael Dawson 27
48%
2008/09 England Michael Dawson 16
48%
2009/10 England Michael Dawson 29
48%
2010/11 England Michael Dawson 24
48%
2011/12 England Michael Dawson 7
48%
2012/13 England Michael Dawson 27
48%
2013/14 England Michael Dawson 32
48%
2013/14 Brazil Paulinho 30
48%
2014/15 Brazil Paulinho 15
48%
2008/09 Russia Roman Pavlyuchenko 28
48%
2009/10 Russia Roman Pavlyuchenko 16
48%
2010/11 Russia Roman Pavlyuchenko 29
48%
2011/12 Russia Roman Pavlyuchenko 5
48%
2016/17 Netherlands Vincent Janssen 27
48%
2017/18 Netherlands Vincent Janssen 1
48%
2018/19 Netherlands Vincent Janssen 3
48%
1992/93 England Darren Anderton 34
47%
1993/94 England Darren Anderton 37
47%
1994/95 England Darren Anderton 37
47%
1995/96 England Darren Anderton 8
47%
1996/97 England Darren Anderton 16
47%
1997/98 England Darren Anderton 15
47%
1998/99 England Darren Anderton 32
47%
1999/00 England Darren Anderton 22
47%
2000/01 England Darren Anderton 23
47%
2001/02 England Darren Anderton 35
47%
2002/03 England Darren Anderton 20
47%
2003/04 England Darren Anderton 20
47%
2022/23 England Fraser Forster 14
47%
1997/98 France David Ginola 34
46%
1998/99 France David Ginola 30
46%
1999/00 France David Ginola 36
46%
2004/05 Egypt Mido 9
46%
2005/06 Egypt Mido 27
46%
2006/07 Egypt Mido 12
46%
2005/06 England Tom Huddlestone 4
46%
2006/07 England Tom Huddlestone 21
46%
2007/08 England Tom Huddlestone 28
46%
2008/09 England Tom Huddlestone 22
46%
2009/10 England Tom Huddlestone 33
46%
2010/11 England Tom Huddlestone 14
46%
2011/12 England Tom Huddlestone 2
46%
2012/13 England Tom Huddlestone 20
46%
2005/06 Netherlands Edgar Davids 31
45%
2006/07 Netherlands Edgar Davids 9
45%
2008/09 Honduras Wilson Palacios 11
45%
2009/10 Honduras Wilson Palacios 33
45%
2010/11 Honduras Wilson Palacios 21
45%
2007/08 Scotland Alan Hutton 14
43%
2008/09 Scotland Alan Hutton 8
43%
2009/10 Scotland Alan Hutton 8
43%
2010/11 Scotland Alan Hutton 21
43%
2002/03 England Jamie Redknapp 17
43%
2003/04 England Jamie Redknapp 17
43%
2004/05 England Jamie Redknapp 14
43%
2013/14 Algeria Nabil Bentaleb 15
43%
2014/15 Algeria Nabil Bentaleb 26
43%
2015/16 Algeria Nabil Bentaleb 5
43%
2017/18 Argentina Paulo Gazzaniga 1
42%
2018/19 Argentina Paulo Gazzaniga 3
42%
2019/20 Argentina Paulo Gazzaniga 18
42%
2014/15 England Ryan Mason 31
42%
2015/16 England Ryan Mason 22
42%
2010/11 France William Gallas 27
42%
2011/12 France William Gallas 15
42%
2012/13 France William Gallas 19
42%
2001/02 Uruguay Gustavo Poyet 34
41%
2002/03 Uruguay Gustavo Poyet 28
41%
2003/04 Uruguay Gustavo Poyet 20
41%
2001/02 United States Kasey Keller 9
41%
2002/03 United States Kasey Keller 38
41%
2003/04 United States Kasey Keller 38
41%
2019/20 England Ryan Sessegnon 6
41%
2021/22 England Ryan Sessegnon 15
41%
2022/23 England Ryan Sessegnon 17
41%
2011/12 England Adam Smith 1
40%
2017/18 England Kyle Walker-Peters 3
40%
2018/19 England Kyle Walker-Peters 6
40%
2019/20 England Kyle Walker-Peters 3
40%
2014/15 Netherlands Michel Vorm 4
40%
2015/16 Netherlands Michel Vorm 1
40%
2016/17 Netherlands Michel Vorm 5
40%
2017/18 Netherlands Michel Vorm 1
40%
2018/19 Netherlands Michel Vorm 2
40%
2000/01 Ukraine Serhiy Rebrov 29
40%
2001/02 Ukraine Serhiy Rebrov 30
40%
1995/96 England Chris Armstrong 36
39%
1996/97 England Chris Armstrong 12
39%
1997/98 England Chris Armstrong 19
39%
1998/99 England Chris Armstrong 34
39%
1999/00 England Chris Armstrong 31
39%
2000/01 England Chris Armstrong 9
39%
2009/10 Croatia Niko Kranjcar 24
39%
2010/11 Croatia Niko Kranjcar 13
39%
2011/12 Croatia Niko Kranjcar 12
39%
2010/11 Brazil Sandro 19
39%
2011/12 Brazil Sandro 23
39%
2012/13 Brazil Sandro 22
39%
2013/14 Brazil Sandro 17
39%
1996/97 Norway Steffen Iversen 16
39%
1997/98 Norway Steffen Iversen 13
39%
1998/99 Norway Steffen Iversen 27
39%
1999/00 Norway Steffen Iversen 36
39%
2000/01 Norway Steffen Iversen 14
39%
2001/02 Norway Steffen Iversen 18
39%
2002/03 Norway Steffen Iversen 19
39%
2008/09 Mexico Giovani dos Santos 6
38%
2009/10 Mexico Giovani dos Santos 1
38%
2010/11 Mexico Giovani dos Santos 3
38%
2011/12 Mexico Giovani dos Santos 7
38%
2007/08 France Younes Kaboul 21
38%
2009/10 France Younes Kaboul 10
38%
2010/11 France Younes Kaboul 21
38%
2011/12 France Younes Kaboul 33
38%
2012/13 France Younes Kaboul 1
38%
2013/14 France Younes Kaboul 13
38%
2014/15 France Younes Kaboul 11
38%
2001/02 Germany Christian Ziege 27
37%
2002/03 Germany Christian Ziege 12
37%
2003/04 Germany Christian Ziege 8
37%
2022/23 France Clement Lenglet 26
37%
2003/04 Mali Frederic Kanoute 27
36%
2004/05 Mali Frederic Kanoute 32
36%
2005/06 Mali Frederic Kanoute 1
36%
1998/99 England Tim Sherwood 14
36%
1999/00 England Tim Sherwood 27
36%
2000/01 England Tim Sherwood 33
36%
2001/02 England Tim Sherwood 19
36%
2006/07 Cote D'Ivoire Didier Zokora 31
35%
2007/08 Cote D'Ivoire Didier Zokora 28
35%
2008/09 Cote D'Ivoire Didier Zokora 29
35%
2022/23 England Harvey White 1
35%
2009/10 Cameroon Sebastien Bassong 28
35%
2010/11 Cameroon Sebastien Bassong 12
35%
2011/12 Cameroon Sebastien Bassong 5
35%
2001/02 England Dean Richards 24
34%
2002/03 England Dean Richards 26
34%
2003/04 England Dean Richards 23
34%
1992/93 England Gary Mabbutt 29
34%
1993/94 England Gary Mabbutt 29
34%
1994/95 England Gary Mabbutt 36
34%
1995/96 England Gary Mabbutt 32
34%
1996/97 England Gary Mabbutt 1
34%
1997/98 England Gary Mabbutt 11
34%
2018/19 Argentina Juan Foyth 12
34%
2019/20 Argentina Juan Foyth 4
34%
1998/99 Germany Steffen Freund 17
34%
1999/00 Germany Steffen Freund 27
34%
2000/01 Germany Steffen Freund 21
34%
2001/02 Germany Steffen Freund 20
34%
2002/03 Germany Steffen Freund 17
34%
2010/11 South Africa Steven Pienaar 8
34%
2011/12 South Africa Steven Pienaar 2
34%
2020/21 Wales Joe Rodon 12
33%
2021/22 Wales Joe Rodon 3
33%
2003/04 England Michael Brown 17
33%
2004/05 England Michael Brown 24
33%
2005/06 England Michael Brown 9
33%
1992/93 England Justin Edinburgh 32
32%
1993/94 England Justin Edinburgh 25
32%
1994/95 England Justin Edinburgh 31
32%
1995/96 England Justin Edinburgh 22
32%
1996/97 England Justin Edinburgh 24
32%
1997/98 England Justin Edinburgh 16
32%
1998/99 England Justin Edinburgh 16
32%
1999/00 England Justin Edinburgh 8
32%
2011/12 France Louis Saha 10
32%
2012/13 England Andros Townsend 5
30%
2013/14 England Andros Townsend 25
30%
2014/15 England Andros Townsend 17
30%
2015/16 England Andros Townsend 3
30%
2022/23 England Djed Spence 4
30%
2000/01 Scotland Neil Sullivan 35
30%
2001/02 Scotland Neil Sullivan 29
30%
1995/96 Montserrat Ruel Fox 26
30%
1996/97 Montserrat Ruel Fox 25
30%
1997/98 Montserrat Ruel Fox 32
30%
1998/99 Montserrat Ruel Fox 20
30%
1999/00 Montserrat Ruel Fox 3
30%
2005/06 Finland Teemu Tainio 24
30%
2006/07 Finland Teemu Tainio 21
30%
2007/08 Finland Teemu Tainio 16
30%
2006/07 Morocco Adel Taarabt 2
29%
2007/08 Morocco Adel Taarabt 6
29%
2008/09 Morocco Adel Taarabt 1
29%
2014/15 Argentina Federico Fazio 20
29%
2016/17 Cameroon Georges-Kevin Nkoudou 8
29%
2017/18 Cameroon Georges-Kevin Nkoudou 1
29%
2018/19 Cameroon Georges-Kevin Nkoudou 1
29%
2019/20 Cameroon Georges-Kevin Nkoudou 1
29%
2003/04 Portugal Helder Postiga 19
29%
2019/20 England Japhet Tanganga 6
29%
2020/21 England Japhet Tanganga 6
29%
2021/22 England Japhet Tanganga 11
29%
2022/23 England Japhet Tanganga 4
29%
2012/13 Germany Lewis Holtby 11
29%
2013/14 Germany Lewis Holtby 13
29%
2014/15 Germany Lewis Holtby 1
29%
1992/93 England Paul Allen 38
29%
1993/94 England Paul Allen 1
29%
1996/97 England Rory Allen 12
29%
1997/98 England Rory Allen 4
29%
1998/99 England Rory Allen 4
29%
2004/05 England Sean Davis 15
29%
2005/06 England Danny Murphy 10
28%
2006/07 England Danny Murphy 12
28%
2009/10 Iceland Eidur Gudjohnsen 11
28%
2007/08 England Jonathan Woodgate 12
28%
2008/09 England Jonathan Woodgate 34
28%
2009/10 England Jonathan Woodgate 3
28%
1999/00 Norway Oyvind Leonhardsen 22
28%
2000/01 Norway Oyvind Leonhardsen 25
28%
2001/02 Norway Oyvind Leonhardsen 7
28%
2013/14 Romania Vlad Chiriches 17
28%
2014/15 Romania Vlad Chiriches 10
28%
2022/23 Netherlands Arnaut Danjuma 9
27%
2020/21 Brazil Carlos Vinicius 9
27%
1992/93 England Nick Barmby 22
27%
1993/94 England Nick Barmby 27
27%
1994/95 England Nick Barmby 38
27%
2006/07 France Steed Malbranque 25
27%
2007/08 France Steed Malbranque 37
27%
1996/97 Denmark Allan Nielsen 29
26%
1997/98 Denmark Allan Nielsen 26
26%
1998/99 Denmark Allan Nielsen 28
26%
1999/00 Denmark Allan Nielsen 14
26%
1999/00 England Chris Perry 37
26%
2000/01 England Chris Perry 32
26%
2001/02 England Chris Perry 33
26%
2002/03 England Chris Perry 18
26%
1995/96 England Clive Wilson 28
26%
1996/97 England Clive Wilson 26
26%
1997/98 England Clive Wilson 16
26%
2015/16 Austria Kevin Wimmer 10
26%
2016/17 Austria Kevin Wimmer 5
26%
1998/99 Argentina Mauricio Taricco 13
26%
1999/00 Argentina Mauricio Taricco 29
26%
2000/01 Argentina Mauricio Taricco 5
26%
2001/02 Argentina Mauricio Taricco 30
26%
2002/03 Argentina Mauricio Taricco 21
26%
2003/04 Argentina Mauricio Taricco 32
26%
2012/13 Sierra Leone Steven Caulker 18
26%
2004/05 Sweden Erik Edman 28
25%
2005/06 Sweden Erik Edman 3
25%
1992/93 Norway Erik Thorstvedt 27
25%
1993/94 Norway Erik Thorstvedt 32
25%
1994/95 Norway Erik Thorstvedt 1
25%
2019/20 Portugal Gedson Fernandes 7
25%
2000/01 England Anthony Gardner 8
24%
2001/02 England Anthony Gardner 15
24%
2002/03 England Anthony Gardner 12
24%
2003/04 England Anthony Gardner 33
24%
2004/05 England Anthony Gardner 17
24%
2005/06 England Anthony Gardner 17
24%
2006/07 England Anthony Gardner 8
24%
2007/08 England Anthony Gardner 4
24%
1998/99 England Luke Young 15
24%
1999/00 England Luke Young 20
24%
2000/01 England Luke Young 23
24%
2005/06 Canada Paul Stalteri 33
24%
2006/07 Canada Paul Stalteri 6
24%
2007/08 Canada Paul Stalteri 3
24%
2004/05 Portugal Pedro Mendes 24
24%
2005/06 Portugal Pedro Mendes 6
24%
1996/97 Switzerland Ramon Vega 8
24%
1997/98 Switzerland Ramon Vega 25
24%
1998/99 Switzerland Ramon Vega 16
24%
1999/00 Switzerland Ramon Vega 5
24%
2000/01 Switzerland Ramon Vega 10
24%
1992/93 England Andrew Gray 17
23%
1993/94 England Andrew Gray 2
23%
2008/09 Italy Carlo Cudicini 4
23%
2009/10 Italy Carlo Cudicini 7
23%
2010/11 Italy Carlo Cudicini 8
23%
2009/10 England Jake Livermore 1
23%
2011/12 England Jake Livermore 24
23%
2012/13 England Jake Livermore 11
23%
2011/12 New Zealand Ryan Nelsen 5
23%
2014/15 France Benjamin Stambouli 12
22%
1993/94 Scotland Colin Calderwood 26
22%
1994/95 Scotland Colin Calderwood 36
22%
1995/96 Scotland Colin Calderwood 29
22%
1996/97 Scotland Colin Calderwood 34
22%
1997/98 Scotland Colin Calderwood 26
22%
1998/99 Scotland Colin Calderwood 12
22%
2014/15 United States DeAndre Yedlin 1
22%
2013/14 France Etienne Capoue 12
22%
2014/15 France Etienne Capoue 12
22%
1994/95 Romania Gheorghe Popescu 23
22%
1992/93 Scotland Gordon Durie 17
22%
1993/94 Scotland Gordon Durie 10
22%
2006/07 Egypt Hossam Ghaly 21
22%
2003/04 England Johnnie Jackson 11
22%
2004/05 England Johnnie Jackson 8
22%
2005/06 England Johnnie Jackson 1
22%
2006/07 France Pascal Chimbonda 33
22%
2007/08 France Pascal Chimbonda 32
22%
2008/09 France Pascal Chimbonda 3
22%
2004/05 Switzerland Reto Ziegler 23
22%
2006/07 Switzerland Reto Ziegler 1
22%
1997/98 England Stephen Clemence 17
22%
1998/99 England Stephen Clemence 17
22%
1999/00 England Stephen Clemence 20
22%
2000/01 England Stephen Clemence 29
22%
2001/02 England Stephen Clemence 6
22%
2012/13 England Tom Carroll 7
22%
2015/16 England Tom Carroll 19
22%
2016/17 England Tom Carroll 1
22%
2019/20 Ireland Troy Parrott 2
22%
1992/93 England David Howells 18
21%
1993/94 England David Howells 18
21%
1994/95 England David Howells 26
21%
1995/96 England David Howells 29
21%
1996/97 England David Howells 32
21%
1997/98 England David Howells 20
21%
2009/10 England Kyle Naughton 1
21%
2012/13 England Kyle Naughton 14
21%
2013/14 England Kyle Naughton 22
21%
2014/15 England Kyle Naughton 5
21%
1992/93 England Neil Ruddock 38
21%
1993/94 Israel Ronnie Rosenthal 15
21%
1994/95 Israel Ronnie Rosenthal 20
21%
1995/96 Israel Ronnie Rosenthal 33
21%
1996/97 Israel Ronnie Rosenthal 20
21%
2003/04 Ireland Stephen Kelly 11
21%
2004/05 Ireland Stephen Kelly 17
21%
2005/06 Ireland Stephen Kelly 9
21%
1992/93 England Vinny Samways 34
21%
1993/94 England Vinny Samways 39
21%
1995/96 England Andy Sinton 9
20%
1996/97 England Andy Sinton 33
20%
1997/98 England Andy Sinton 19
20%
1998/99 England Andy Sinton 22
20%
2015/16 Cameroon Clinton N'Jie 8
20%
2005/06 Poland Grzegorz Rasiak 8
20%
1996/97 England John Scales 12
20%
1997/98 England John Scales 10
20%
1998/99 England John Scales 7
20%
1999/00 England John Scales 4
20%
2007/08 Ghana Kevin-Prince Boateng 13
20%
2008/09 Ghana Kevin-Prince Boateng 1
20%
2004/05 Morocco Noureddine Naybet 27
20%
2005/06 Morocco Noureddine Naybet 3
20%
2000/01 Wales Ben Thatcher 12
18%
2001/02 Wales Ben Thatcher 12
18%
2002/03 Wales Ben Thatcher 12
18%
2003/04 England Bobby Zamora 16
18%
2020/21 England Dane Scarlett 1
18%
2021/22 England Dane Scarlett 1
18%
1992/93 England Dean Austin 34
18%
1993/94 England Dean Austin 23
18%
1994/95 England Dean Austin 24
18%
1995/96 England Dean Austin 28
18%
1996/97 England Dean Austin 15
18%
2001/02 Serbia Goran Bunjevcevic 6
18%
2002/03 Serbia Goran Bunjevcevic 35
18%
2003/04 Serbia Goran Bunjevcevic 7
18%
2004/05 Serbia Goran Bunjevcevic 3
18%
1994/95 Romania Ilie Dumitrescu 13
18%
1995/96 Romania Ilie Dumitrescu 5
18%
2007/08 England Jamie O'Hara 17
18%
2008/09 England Jamie O'Hara 15
18%
2009/10 England Jamie O'Hara 2
18%
1993/94 England Micky Hazard 17
18%
1994/95 England Micky Hazard 11
18%
1992/93 Spain Nayim 18
18%
1992/93 England Steve Sedgley 22
18%
1993/94 England Steve Sedgley 42
18%
1996/97 Norway Espen Baardsen 2
17%
1997/98 Norway Espen Baardsen 9
17%
1998/99 Norway Espen Baardsen 12
17%
1997/98 Portugal Jose Dominguez 18
17%
1998/99 Portugal Jose Dominguez 13
17%
1999/00 Portugal Jose Dominguez 12
17%
2000/01 Portugal Jose Dominguez 2
17%
1997/98 Italy Nicola Berti 17
17%
1998/99 Italy Nicola Berti 4
17%
1992/93 England Danny Hill 4
16%
1993/94 England Danny Hill 3
16%
1994/95 England Danny Hill 3
16%
1992/93 England Jason Cundy 15
16%
1995/96 England Jason Cundy 1
16%
2004/05 France Noe Pamarot 23
16%
2005/06 France Noe Pamarot 2
16%
2004/05 Czech Republic Radek Cerny 3
16%
2007/08 Czech Republic Radek Cerny 13
16%
2006/07 Portugal Ricardo Rocha 9
16%
2007/08 Portugal Ricardo Rocha 5
16%
2004/05 England Calum Davenport 1
15%
2005/06 England Calum Davenport 4
15%
2006/07 England Calum Davenport 10
15%
2007/08 Brazil Gilberto 6
15%
2008/09 Brazil Gilberto 1
15%
1993/94 England Jason Dozzell 32
15%
1994/95 England Jason Dozzell 7
15%
1995/96 England Jason Dozzell 28
15%
1996/97 England Jason Dozzell 17
15%
1999/00 England Matthew Etherington 5
15%
2000/01 England Matthew Etherington 6
15%
2001/02 England Matthew Etherington 11
15%
2002/03 England Matthew Etherington 23
15%
2002/03 Slovenia Milenko Acimovic 17
15%
2003/04 France Stephane Dalmat 22
15%
1992/93 Northern Ireland Andy Turner 18
14%
1993/94 Northern Ireland Andy Turner 1
14%
1994/95 Northern Ireland Andy Turner 1
14%
2003/04 England Dean Marney 3
14%
2004/05 England Dean Marney 5
14%
1994/95 Northern Ireland Gerry McMahon 2
14%
1995/96 Northern Ireland Gerry McMahon 14
14%
1992/93 Iceland Gudni Bergsson 5
14%
2003/04 England Rohan Ricketts 24
14%
2004/05 England Rohan Ricketts 6
14%
2004/05 Cameroon Thimothee Atouba 18
14%
2007/08 Wales Chris Gunter 2
13%
2008/09 Wales Chris Gunter 3
13%
1992/93 Scotland John Hendry 5
13%
1993/94 Scotland John Hendry 3
13%
2003/04 South Africa Mbulelo Mabizela 6
13%
2004/05 South Africa Mbulelo Mabizela 1
13%
1993/94 England Darren Caskey 25
12%
1994/95 England Darren Caskey 4
12%
1995/96 England Darren Caskey 3
12%
2013/14 England Ezekiel Fryers 7
12%
2012/13 Spain Iago Falque 1
12%
2002/03 Belgium Jonathan Blondel 1
12%
2003/04 Belgium Jonathan Blondel 1
12%
1992/93 England Kevin Watson 5
12%
1997/98 Algeria Moussa Saib 9
12%
1998/99 Algeria Moussa Saib 4
12%
1992/93 England Stuart Nethercott 5
12%
1993/94 England Stuart Nethercott 10
12%
1994/95 England Stuart Nethercott 17
12%
1995/96 England Stuart Nethercott 13
12%
1996/97 England Stuart Nethercott 9
12%
1999/00 Netherlands Willem Korsten 9
12%
2000/01 Netherlands Willem Korsten 14
12%
2022/23 England George Abbott 1
11%
2002/03 Japan Kazuyuki Toda 4
11%
1993/94 England Kevin Scott 12
11%
1994/95 England Kevin Scott 4
11%
1995/96 England Kevin Scott 2
11%
2022/23 Scotland Matthew Craig 1
11%
2003/04 England Paul Konchesky 12
11%
2013/14 England Alex Pritchard 1
10%
2015/16 England Alex Pritchard 1
10%
2009/10 England Ben Alnwick 1
10%
1998/99 Italy Paolo Tramezzani 6
10%
1996/97 Northern Ireland Paul McVeigh 3
10%
2005/06 England Wayne Routledge 3
10%
2007/08 England Wayne Routledge 2
10%
2000/01 England Alton Thelwell 16
9%
2001/02 England Alton Thelwell 2
9%
1998/99 Netherlands Hans Segers 1
9%
2015/16 England Josh Onomah 8
9%
2016/17 England Josh Onomah 5
9%
2003/04 Ireland Mark Yeates 1
9%
2004/05 Ireland Mark Yeates 2
9%
1996/97 Ireland Neale Fenn 4
9%
1997/98 Ireland Neale Fenn 4
9%
1992/93 England Terry Fenwick 5
9%
1993/94 England David Kerslake 17
8%
1994/95 England David Kerslake 18
8%
1995/96 England David Kerslake 2
8%
1992/93 England David McDonald 2
8%
1992/93 England David Tuttle 5
8%
2005/06 England Lee Barnard 3
8%
1992/93 England Lee Hodges 4
8%
2018/19 England Luke Amos 1
8%
1993/94 England Paul Mahorn 1
8%
1997/98 England Paul Mahorn 2
8%
2004/05 England Philip Ifil 2
8%
2006/07 England Philip Ifil 1
8%
1998/99 Norway Roger Nilsen 3
8%
2016/17 Slovakia Filip Lesniak 1
7%
1997/98 Scotland Garry Brady 9
7%
1996/97 England Jamie Clapham 1
7%
2002/03 England Jamie Slabber 1
7%
1999/00 England John Piercy 3
7%
2000/01 England John Piercy 5
7%
1992/93 England Paul Moran 3
7%
1993/94 England Paul Moran 5
7%
1995/96 England Steve Slade 5
7%
2000/01 England Andy Booth 4
5%
1999/00 England Dave McEwen 1
5%
2000/01 England Dave McEwen 3
5%
1992/93 England Kevin Dearden 1
5%
2013/14 Serbia Milos Veljkovic 2
5%
1992/93 Wales Pat van der Hauwe 18
5%
2011/12 England Cameron Lancaster 1
3%
No matching quizzes found
Score Distribution
Percent of People with Each Score
Percentile by Number Answered
Your Score History
You have not taken this quiz